MARC details
| 000 -CABECERA |
| campo de control de longitud fija |
01543nam a2200409 a 4500 |
| 001 - NÚMERO DE CONTROL |
| campo de control |
dia_4826 |
| 003 - IDENTIFICADOR DEL NÚMERO DE CONTROL |
| campo de control |
CHAP |
| 005 - FECHA Y HORA DE LA ÚLTIMA TRANSACCIÓN |
| campo de control |
20240730002452.0 |
| 007 - CAMPO FIJO DE DESCRIPCIÓN FÍSICA--INFORMACIÓN GENERAL |
| campo de control de longitud fija |
ta |
| 008 - DATOS DE LONGITUD FIJA--INFORMACIÓN GENERAL |
| campo de control de longitud fija |
220117s2010 mx ado fr 001 0 spa d |
| 010 ## - NÚMERO DE CONTROL DE LA BIBLIOTECA DEL CONGRESO |
| Número de control de LC |
175626 |
| 020 ## - NÚMERO INTERNACIONAL ESTÁNDAR DEL LIBRO |
| Número Internacional Estándar del Libro |
987-607-15-0277-3 |
| 040 ## - FUENTE DE LA CATALOGACIÓN |
| Centro/agencia transcriptor |
CHAP |
| Centro catalogador/agencia de origen |
mxchpua |
| 050 1# - SIGNATURA TOPOGRÁFICA DE LA BIBLIOTECA DEL CONGRESO |
| Número de clasificación |
TA351 |
| Número de documento/Ítem |
.M43 2010 |
| 082 ## - NÚMERO DE LA CLASIFICACIÓN DECIMAL DEWEY |
| Número de clasificación |
631.1 |
| Número de documento/Ítem |
M43 2010 |
| Número de edición |
20 |
| 240 10 - TÍTULO UNIFORME |
| Título uniforme |
Vector mechanics for engineers, Statics. |
| Lenguaje de la obra |
Español |
| 245 10 - MENCIÓN DE TÍTULO |
| Título |
Mecánica vectorial para ingenieros : |
| Resto del título |
estática / |
| Mención de responsabilidad, etc. |
Ferdinand P. Beer...[y otros 3] ; traductor Jesús Elmer Murrieta Murrieta |
| 250 ## - MENCIÓN DE EDICIÓN |
| Mención de edición |
9a edición |
| 260 ## - PUBLICACIÓN, DISTRIBUCIÓN, ETC. |
| Lugar de publicación, distribución, etc. |
México : |
| Nombre del editor, distribuidor, etc. |
McGraw-Hill, |
| Fecha de publicación, distribución, etc. |
2010 |
| 300 ## - DESCRIPCIÓN FÍSICA |
| Extensión |
xii, 625 páginas : |
| Otras características físicas |
ilustraciones, gráficas, fotos |
| 440 ## - MENCIÓN DE SERIE/PUNTO DE ACCESO ADICIONAL--TÍTULO |
| Título |
Educación |
| 9 (RLIN) |
35410 |
| 650 17 - PUNTO DE ACCESO ADICIONAL DE MATERIA--TÉRMINO DE MATERIA |
| Término de materia o nombre geográfico como elemento de entrada |
Estática |
| Fuente del encabezamiento o término |
lcsh |
| 9 (RLIN) |
38334 |
| 650 10 - PUNTO DE ACCESO ADICIONAL DE MATERIA--TÉRMINO DE MATERIA |
| Término de materia o nombre geográfico como elemento de entrada |
Análisis Vectorial |
| 9 (RLIN) |
5995 |
| Fuente del encabezamiento o término |
lcsh |
| 650 10 - PUNTO DE ACCESO ADICIONAL DE MATERIA--TÉRMINO DE MATERIA |
| Término de materia o nombre geográfico como elemento de entrada |
Mecánica, aplicada |
| 9 (RLIN) |
73818 |
| Fuente del encabezamiento o término |
lcsh |
| 650 10 - PUNTO DE ACCESO ADICIONAL DE MATERIA--TÉRMINO DE MATERIA |
| Término de materia o nombre geográfico como elemento de entrada |
Mechanics, Applied |
| 9 (RLIN) |
150315 |
| Fuente del encabezamiento o término |
lcsh |
| 650 10 - PUNTO DE ACCESO ADICIONAL DE MATERIA--TÉRMINO DE MATERIA |
| Término de materia o nombre geográfico como elemento de entrada |
Statics |
| 9 (RLIN) |
153009 |
| Fuente del encabezamiento o término |
lcsh |
| 650 10 - PUNTO DE ACCESO ADICIONAL DE MATERIA--TÉRMINO DE MATERIA |
| Término de materia o nombre geográfico como elemento de entrada |
Vector analysis |
| 9 (RLIN) |
154469 |
| Fuente del encabezamiento o término |
lcsh |
| 700 1# - PUNTO DE ACCESO ADICIONAL--NOMBRE DE PERSONA |
| Nombre de persona |
Johnston, E. Russell |
| 9 (RLIN) |
61892 |
| Término indicativo de función/relación |
autor |
| 700 1# - PUNTO DE ACCESO ADICIONAL--NOMBRE DE PERSONA |
| Nombre de persona |
Mazurek, David F. |
| 9 (RLIN) |
124426 |
| Término indicativo de función/relación |
autor |
| 700 1# - PUNTO DE ACCESO ADICIONAL--NOMBRE DE PERSONA |
| Nombre de persona |
Eisenberg, Elliot R. |
| 9 (RLIN) |
189289 |
| Término indicativo de función/relación |
autor |
| 700 1# - PUNTO DE ACCESO ADICIONAL--NOMBRE DE PERSONA |
| Nombre de persona |
Murrieta Murrieta, Jesús Elmer |
| 9 (RLIN) |
154470 |
| Término indicativo de función/relación |
traductor |
| 856 41 - LOCALIZACIÓN Y ACCESO ELECTRÓNICOS |
| Identificador Uniforme del Recurso |
<a href="https://frh.cvg.utn.edu.ar/pluginfile.php/52831/mod_resource/content/2/000-mecnica-vectorial-paraingenieros-8-edicion.pdf">https://frh.cvg.utn.edu.ar/pluginfile.php/52831/mod_resource/content/2/000-mecnica-vectorial-paraingenieros-8-edicion.pdf</a> |
| Texto de enlace |
DESCARGAR PDF 8a ED |
| 901 ## - ELEMENTOS DE DATOS A LOCAL LDA (RLIN) |
| a |
631.1 M43 2010 |
| 902 ## - ELEMENTOS DE DATOS B LOCAL, LDB (RLIN) |
| a |
M |
| 905 ## - ELEMENTOS DE DATOS E LOCAL, LDE (RLIN) |
| a |
5232272010 mx imna8222223322spa16 |
| 942 ## - ELEMENTOS DE PUNTO DE ACCESO ADICIONAL (KOHA) |
| Tipo de ítem Koha |
Libro |
| Fuente del sistema de clasificación o colocación |
Dewey Decimal Classification |